Les grands événements de 1978 - Statistiques

Statistiques générales
  • Ce quiz a été pris 11 fois
  • Le résultat moyen est 3 sur 15
Statistiques - réponses
Hint Extra Hint Réponse % Correct
Mort de Claude François France 11 mars
70%
Election du pape Jean-Paul II Vatican 16 octobre
40%
Accords de Camp David entre l'Egypte et Israël 17 septembre
40%
Election du pape Jean-Paul 1er Vatican 26 août
30%
Indépendance de la Dominique Royaume-Uni 3 novembre
30%
Séisme de Tabas - 15000 morts Iran 16 septembre
20%
Indépendance de Tuvalu Royaume-Uni 1er octobre
20%
Naissance du 1er bébé éprouvette Louise Brown Royaume-Uni 25 juillet
20%
Mort du pape Paul VI Vatican 6 août
20%
Suicide de 914 membres du Temple du soleil à Jamestown Etats-Unis / Guyana 18 novembre
10%
Anouar el-Sadate et Menahem Begin, prix Nobel de la Paix Israël / Egyote 27 octobre
10%
Mort du pape Jean-Paul 1er Vatican 28 septembre
10%
Indépendance des Iles Salomon Royaume-Uni 7 juillet
10%
Mort de Jacques Brel France 9 octobre
10%
Création du Système Monétaire Européen 4 décembre
0%
Aucun quiz correspondant
Distribution des résultats
% des personnes avec chaque résultat
Percentile par nombre de réponses
Votre historique - résultats
Vous n’avez pas pris ce quiz